<?xml version="1.0" encoding="UTF-8"?><?xml-stylesheet type="text/xsl" href="static/style.xsl"?><OAI-PMH xmlns="http://www.openarchives.org/OAI/2.0/" xmlns:xsi="http://www.w3.org/2001/XMLSchema-instance" xsi:schemaLocation="http://www.openarchives.org/OAI/2.0/ http://www.openarchives.org/OAI/2.0/OAI-PMH.xsd"><responseDate>2026-04-17T02:40:33Z</responseDate><request verb="GetRecord" identifier="oai:www.recercat.cat:2445/166164" metadataPrefix="marc">https://recercat.cat/oai/request</request><GetRecord><record><header><identifier>oai:recercat.cat:2445/166164</identifier><datestamp>2025-12-05T05:32:28Z</datestamp><setSpec>com_2072_1057</setSpec><setSpec>col_2072_478857</setSpec><setSpec>col_2072_478917</setSpec></header><metadata><record xmlns="http://www.loc.gov/MARC21/slim" xmlns:dcterms="http://purl.org/dc/terms/" xmlns:xsi="http://www.w3.org/2001/XMLSchema-instance" xmlns:doc="http://www.lyncode.com/xoai" xsi:schemaLocation="http://www.loc.gov/MARC21/slim http://www.loc.gov/standards/marcxml/schema/MARC21slim.xsd">
   <leader>00925njm 22002777a 4500</leader>
   <datafield ind2=" " ind1=" " tag="042">
      <subfield code="a">dc</subfield>
   </datafield>
   <datafield ind2=" " ind1=" " tag="720">
      <subfield code="a">Ferrer i Alòs, Llorenç, 1957-</subfield>
      <subfield code="e">author</subfield>
   </datafield>
   <datafield ind2=" " ind1=" " tag="260">
      <subfield code="c">2020-06-18T06:21:30Z</subfield>
   </datafield>
   <datafield ind2=" " ind1=" " tag="260">
      <subfield code="c">2020-06-18T06:21:30Z</subfield>
   </datafield>
   <datafield ind2=" " ind1=" " tag="260">
      <subfield code="c">1986</subfield>
   </datafield>
   <datafield ind2=" " ind1=" " tag="260">
      <subfield code="c">2020-06-18T06:21:31Z</subfield>
   </datafield>
   <datafield ind2=" " ind1=" " tag="520">
      <subfield code="a">La resposta de la Seu de Manresa a la reducció de l'interes dels censals del 5 al 3 % que es produí 1'1 d'agost de 1750 fou la disminució del nombre d'eclesiàstics que tenien dret a distribució a un màxim de 50. Els patrons dels beneficis iniciaren un plet contra la Comunitat de Beneficiats per desacord amb la mesura i argumentaven el seu caràcter negatiu «como a zelador de la honra de Dios y del bien público de la Ciudad pudiéndose con estos 24 beneficios acomodar muchos hijos de ella». Trobem en aquesta reflexió un dels punts de partida d'aquest treball: la institució eclesiàstica és una de les fórmules que, a l'antic regim, tenien les classes dominants per col·locar els seus fills segons i assolir una reproducció social més barata i un control sobre el cos social més efectiu. L'estalvi en el pagament de la llegítima dels fills capellans mitjançant la fundació de beneficis eclesiàstics i la disminució de la degradació d'aquests fills en impedir que tinguessin descendència legal eren dos dels avantatges d'aquesta col·locació.</subfield>
   </datafield>
   <datafield tag="653" ind2=" " ind1=" ">
      <subfield code="a">Església</subfield>
   </datafield>
   <datafield tag="653" ind2=" " ind1=" ">
      <subfield code="a">Manresa (Catalunya)</subfield>
   </datafield>
   <datafield tag="653" ind2=" " ind1=" ">
      <subfield code="a">Crèdit</subfield>
   </datafield>
   <datafield tag="653" ind2=" " ind1=" ">
      <subfield code="a">Church</subfield>
   </datafield>
   <datafield tag="653" ind2=" " ind1=" ">
      <subfield code="a">Manresa (Catalonia)</subfield>
   </datafield>
   <datafield tag="653" ind2=" " ind1=" ">
      <subfield code="a">Credit</subfield>
   </datafield>
   <datafield ind2="0" ind1="0" tag="245">
      <subfield code="a">L'Església com a institució de crèdit: les Quotidianes Distribucions de la Seu de Manresa en els segles XVIII i XIX</subfield>
   </datafield>
</record></metadata></record></GetRecord></OAI-PMH>